000 01087nam0a22002531 4500
001 rc\4034074
005 20250611063737.0
021 _aRU
_b[52-21257]
035 _a(NLR Aleph) 008094292
090 _a9203484
_c9203484
100 _a20130415d1952 |||y0rusy50 ca
101 0 _arus
102 _aRU
105 _aa z |||||
200 1 _aДанные по износу и методы повышения долговечности ходовых винтов токарно-винторезных станков
_fМ-во станкостроения СССР. Эксперим. науч.-исслед. ин-т металлорежущих станков "ЭНИМС"
210 _aМосква
_cЦБТИ
_d1952
215 _a60 с.
_cил.
_d22
606 _aТокарно-винторезные станки
_xХодовые винты
_xИзносоустойчивость
_2psbo
700 1 _aЛапидус
_bА.С.
_gАлександр Самойлович
801 0 _aRU
_bNLR
_gpsbo
801 1 _aRU
_bELAR
_2rusmarc
852 _aNLR
_jТ36 Г-6/1021
942 _cBOOK
980 _aNB